Statistiques concernant Mots de la langue française terminés par "lice"

Cliquez ici pour prendre le quiz!

Statistiques générales

  • Ce quiz a été pris 126 fois
  • Le résultat moyen est 9 sur 14

Statistiques - réponses

IndiceMot% Correct
prénom fémininAlice
97%
vase sacrécalice
90%
acolytecomplice
87%
espiègleriemalice
87%
plaisir extrêmedélice
78%
mode de propulsionhélice
77%
torturesupplice
77%
effet donné à une balle de tennisslice
66%
femelle d'un chien de chasselice
61%
17police
57%
troupemilice
45%
oligo-élémensilice
37%
chemise, ceinture rugueuse (poils de chèvre, etc.) portée par pénitence.cilice
23%
équivoqueduplice
9%

Distribution des résultats

Percentile par nombre de réponses

% des personnes avec chaque résultat

Votre développement - résultats

Vous n’avez pas pris ce quiz